|
|
|
|
| LEADER |
00000nam0a2200000 4500 |
| 001 |
296979 |
| 005 |
20231102000948.0 |
| 010 |
|
|
|a 9785991204408
|
| 035 |
|
|
|a (RuTPU)RU\TPU\book\322099
|
| 090 |
|
|
|a 296979
|
| 100 |
|
|
|a 20150604d2015 k y0rusy50 ca
|
| 101 |
0 |
|
|a rus
|
| 102 |
|
|
|a RU
|
| 105 |
|
|
|a a z 001zy
|
| 200 |
1 |
|
|a Гелий-неоновый частотно-стабилизированный лазер-мера длины в интерферометрах
|f П. Г. Воробьев [и др.]
|
| 210 |
|
|
|a Москва
|c Горячая линия-Телеком
|d 2015
|
| 215 |
|
|
|a 108 с.
|c ил.
|
| 320 |
|
|
|a Библиогр.: с. 104-107.
|
| 330 |
|
|
|a Изложены общие сведения о гелий-неоновых частотно-стабилизированных лазерах и их применении. Рассмотрены процессы, протекающие в них и влияющие на характеристики лазерного излучения. Подробно рассмотрены системы автоматической стабилизации параметров лазерного излучения и конструкции одночастотных и двухчастотных лазеров. Приведены методики, схемы и данные исследований основных параметров частотно-стабилизированных лазеров. Для специалистов, будет полезна аспирантам и студентам соответствующих специальностей.
|
| 606 |
1 |
|
|a Интерферометры лазерные
|2 stltpush
|3 (RuTPU)RU\TPU\subj\12849
|9 39558
|
| 610 |
1 |
|
|a частотно-стабилизированные лазеры
|
| 610 |
1 |
|
|a процессы
|
| 610 |
1 |
|
|a применение
|
| 610 |
1 |
|
|a лазерное излучение
|
| 610 |
1 |
|
|a характеристика
|
| 610 |
1 |
|
|a параметры
|
| 610 |
1 |
|
|a автоматическая стабилизация
|
| 610 |
1 |
|
|a одночастотные лазеры
|
| 610 |
1 |
|
|a оптические частоты
|
| 675 |
|
|
|a 681.787
|v 4
|
| 701 |
|
1 |
|a Воробьев
|b П. Г.
|g Павел Геннадьевич
|
| 701 |
|
1 |
|a Гуров
|b В. С.
|g Виктор Сергеевич
|
| 701 |
|
1 |
|a Кондрахин
|b А. А.
|g Александр Анатольевич
|
| 701 |
|
1 |
|a Чуляева
|b Е. Г.
|g Елена Георгиевна
|
| 801 |
|
1 |
|a RU
|b 63413507
|c 20150604
|
| 801 |
|
2 |
|a RU
|b 63413507
|c 20151016
|g RCR
|
| 900 |
|
|
|a Лазерная техника
|
| 900 |
|
|
|a Лазерные технологии и оборудование
|
| 900 |
|
|
|a Лазеры и их применение
|
| 942 |
|
|
|c BK
|
| 959 |
|
|
|a 81/20150604
|d 1
|e 297,00
|f ЧЗТЛ:1
|